Główne dzielnice Opola (bez mapy) - Statystyki

Ogólne statystyki
  • Ten quiz został rozwiązany 12 razy
  • Średni wynik to 10 z 13
Statystyki odpowiedzi
Hint Odpowiedź % Poprawnych
Dzielnica XII Bierkowice | Półwieś | Sławice | Wrzoski
100%
Dzielnica XI Zaodrze
100%
Dzielnica VII Groszowice | Grotowice | Nowa Wieś Królewska
90%
Dzielnica VI Grudzice | Kolonia Gosławicka | Malina
90%
Dzielnica IX Stare Miasto
90%
Dzielnica V Gosławice | Malinka
80%
Dzielnica VIII Śródmieście
80%
Dzielnica XIII Chmielowice | Szczepanowice - Wójtowa Wieś | Winów | Żerkowice
70%
Dzielnica IV Armii Krajowej
60%
Dzielnica II Krzanowice | Wróblin | Zakrzów
60%
Dzielnica X Nadodrze
60%
Dzielnica I Borki | Brzezie | Czarnowąsy | Świerkle
50%
Dzielnica III Chabry
30%
Nie znaleziono quizów pasujących do podanych kryteriów
Rozkład punktacji
Procent ludzi z każdym wynikiem
Percentyl według liczby udzielonych odpowiedzi
Twoja historia wyników
Nie rozwiązałeś tego quizu